[Event "FISCA Online U14 op"]
[Site "Chess.com INT"]
[Date "2020.05.15"]
[Round "7"]
[White "Popescu Vava, Luca Delian"]
[Black "Radulescu, Theodor Andrei"]
[Result "1-0"]
[WhiteElo "1067"]
[BlackElo "1238"]
[PlyCount "211"]
[EventDate "2020.05.09"]
[EventType "swiss"]
[EventRounds "9"]
[EventCountry "ROU"]
[SourceTitle "EXT 2021"]
[Source "ChessBase"]
[SourceDate "2020.10.23"]
[SourceVersion "1"]
[SourceVersionDate "2020.10.23"]
[SourceQuality "1"]

1. e4 c6 2. d4 d5 3. exd5 cxd5 4. Nc3 Nf6 5. Nf3 Nc6 6. Bb5 Bd7 7. Bxc6 Bxc6 8. 0-0 e6 9. Be3 Be7 10. Qd2 0-0 11. Rfe1 Rc8 12. a3 Qb6 13. Rab1 Rfe8 14. h3 Bd7 15. Ne2 Qc7 16. c3 a5 17. Rec1 Ne4 18. Qd3 Qb6 19. Nd2 Bb5 20. Qc2 Bxe2 21. Nxe4 Bc4 22. Ng3 Qa6 23. Qd2 Bd3 24. Ra1 Bc4 25. b4 a4 26. Re1 Bb5 27. Rac1 Rc6 28. Qb2 Rec8 29. f4 Bh4 30. Bf2 Qa8 31. Ne2 Bxf2+ 32. Kxf2 R8c7 33. Ng3 Qc8 34. Re3 Rd7 35. Kf3 Rc4 36. Ne2 Rc6 37. g4 Bxe2+ 38. Kxe2 b5 39. Kf3 Re7 40. Qd2 Qe8 41. Rce1 Rcc7 42. f5 exf5 43. gxf5 Rxe3+ 44. Rxe3 Re7 45. Kf4 Rxe3 46. Qxe3 Qxe3+ 47. Kxe3 g6 48. f6 Kf8 49. Kf4 Ke8 50. Ke5 Kd7 51. Kxd5 Kc7 52. Kc5 h5 53. d5 g5 54. d6+ Kd7 55. Kd5 g4 56. hxg4 hxg4 57. Ke4 g3 58. Kf3 Kxd6 59. Kxg3 Kd5 60. Kf4 Kc4 61. Ke5 Kxc3 62. Kd6 Kb3 63. Ke7 Kxa3 64. Kxf7 Kxb4 65. Kg7 a3 66. f7 a2 67. f8Q+ Kb3 68. Qf3+ Kb2 69. Qf2+ Kb3 70. Qe3+ Kb2 71. Qd2+ Kb1 72. Qb4+ Kc2 73. Qa3 Kb1 74. Qb3+ Ka1 75. Qc3+ Kb1 76. Qe1+ Kb2 77. Qe5+ Kb1 78. Qxb5+ Ka1 79. Qf1+ Kb2 80. Qe2+ Kb1 81. Qd1+ Kb2 82. Qd2+ Kb1 83. Qb4+ Ka1 84. Qa3 Kb1 85. Qb3+ Ka1 86. Qc3+ Kb1 87. Qd3+ Kb2 88. Qd2+ Kb3 89. Qc1 Kb4 90. Kf6 Kb3 91. Ke5 Kb4 92. Kd4 Kb3 93. Kd3 Kb4 94. Qb2+ Kc5 95. Qxa2 Kb5 96. Qc2 Kb6 97. Kd4 Kb7 98. Kd5 Kb8 99. Kd6 Kb7 100. Qc7+ Ka6 101. Qb8 Ka5 102. Kc6 Ka4 103. Kc5 Ka3 104. Kc4 Ka2 105. Kc3 Ka1 106. Qb2# 1-0

[Event "FISCA Online U14 op"]
[Site "Chess.com INT"]
[Date "2020.05.10"]
[Round "2"]
[White "Eisler, Darius"]
[Black "Radulescu, Theodor Andrei"]
[Result "1-0"]
[WhiteElo "1250"]
[BlackElo "1238"]
[PlyCount "195"]
[EventDate "2020.05.09"]
[EventType "swiss"]
[EventRounds "9"]
[EventCountry "ROU"]
[SourceTitle "EXT 2021"]
[Source "ChessBase"]
[SourceDate "2020.10.23"]
[SourceVersion "1"]
[SourceVersionDate "2020.10.23"]
[SourceQuality "1"]

1. d4 d5 2. Nc3 Nf6 3. Bf4 Bf5 4. f3 e6 5. g4 Bg6 6. h4 h6 7. h5 Bh7 8. e3 Bd6 9. Bxd6 cxd6 10. Bd3 Bxd3 11. Qxd3 Nc6 12. a3 Qb6 13. 0-0-0 0-0-0 14. Nb1 Rhe8 15. Nd2 Kb8 16. Nh3 e5 17. dxe5 dxe5 18. g5 hxg5 19. Nxg5 e4 20. fxe4 dxe4 21. Qb3 Qxb3 22. Nxb3 Ne5 23. Rxd8+ Rxd8 24. Nd2 Nfg4 25. Ngxe4 Nxe3 26. Re1 Nf5 27. Ng5 f6 28. Ngf3 Nxf3 29. Nxf3 Ng3 30. Kb1 Nxh5 31. Rh1 Rd5 32. c4 Rf5 33. Nd4 Re5 34. Nf3 Rc5 35. b4 Ng3 36. Rh3 Rxc4 37. Rxg3 Rc7 38. Nd4 g5 39. Rf3 Rd7 40. Ne6 Re7 41. Nc5 b6 42. Nd3 Rf7 43. Ne5 Rh7 44. Rxf6 Rh1+ 45. Kc2 Rh2+ 46. Kc3 Rh3+ 47. Rf3 Rh5 48. Rg3 Kc7 49. Nf7 Rh1 50. Rxg5 Rh3+ 51. Kb2 Rh2+ 52. Kc1 Rh1+ 53. Kd2 Rh2+ 54. Ke1 Rh1+ 55. Kf2 Rh2+ 56. Rg2 Rh3 57. Rg3 Rh2+ 58. Kg1 Ra2 59. Ne5 Ra1+ 60. Kh2 Ra2+ 61. Kh3 Kd6 62. Nc4+ Kd5 63. Ne3+ Ke4 64. Ng4 Kd4 65. Nh2 Kc4 66. Ng4 Kb5 67. Ne5 Ka4 68. Nc4 b5 69. Ne5 Rxa3 70. Rxa3+ Kxa3 71. Nc6 a6 72. Kg3 Kb3 73. Kf4 Kc4 74. Ke5 Kb3 75. Kd4 Ka4 76. Kc5 Kb3 77. Kb6 Kc4 78. Kxa6 Kd5 79. Kxb5 Kd6 80. Kb6 Kd7 81. b5 Kc8 82. Nd8 Kxd8 83. Ka7 Kc8 84. b6 Kd7 85. b7 Kc7 86. b8Q+ Kc6 87. Qb4 Kc7 88. Qb5 Kc8 89. Qb7+ Kd8 90. Kb6 Ke8 91. Qc7 Kf8 92. Qd7 Kg8 93. Qe7 Kh8 94. Kc6 Kg8 95. Kd6 Kh8 96. Ke6 Kg8 97. Kf6 Kh8 98. Qg7# 1-0